3.Liga Fussball-Vereine Saison 24/25 - Statistiken

Allgemein
  • Dieses Quiz wurde 176 mal gespielt
  • Das Durchschnittsergebnis liegt bei 14 aus 20
Antwortstatistiken
Antwort % Korrekt
Dynamo Dresden
94%
FC Hansa Rostock
86%
Borussia Dortmund II
85%
VFB Stuttgart II
81%
DSC Arminia Bielefeld
80%
Alemannia Aachen
79%
FC Energie Cottbus
79%
Rot Weiss Essen
78%
TSV 1860 München
78%
1.FC Saarbrücken
77%
VFL Osnabrück
77%
SC Verl
72%
Erzgebirge Aue
71%
SV Waldhof Mannheim
71%
FC Viktoria Köln
70%
SV Wehen Wiesbaden
66%
SV Sandhausen
65%
FC Ingolstadt 04
60%
Hannover 96 II
58%
SpVgg Unterhachingen
18%
Keine übereinstimmenden Quizze gefunden
Verteilung der Resultate
Anzahl Personen mit jedem Resultat
Perzentil nach korrekt beantworteten Fragen
Ihre Resultats-Entwicklung
Sie haben dieses Quiz noch nicht gespielt